000
00293nam a22001097a 4500
008
230620b xxu||||| |||| 00| 0 eng d
082
_a
320.9
_b
HMS
245
_a
A Year Book of the CommonWealth 1970
260
_a
London
_b
Her Majesty's Stationery office
_c
1970
300
_a
800p
942
_2
ddc
_c
BK
999
_c
1573
_d
1573